00470nam a22001337a 4500003000500000038000900005082001200014100001600026110003700042245017500079260004300254563000700297650003200304NUST abaig a200 THE aZahid Faraz aSupervisor Dr Syed WAheed Ul Haq aTH-SOF-1253-Development Of An Integrated Framework For Optimization Of Sheet Metal Work Through Bi-Directional Information Flow Between Design and Manufacturing Processes aIslamabad:bNUST College of EME,c2016 ahb a PhD MECHANICAL ENGINEERING